Hóa học lập thể
Cuốn sách trình bày những vấn đề cơ bản, hệ thống của hóa học lập thể, bao gồm các khái niệm về cấu trúc, các tính chất đặc thù lập thể của các lớp chất quan trọng.
Sparad:
| Huvudupphovsman: | |
|---|---|
| Materialtyp: | Bok |
| Språk: | Undetermined |
| Publicerad: |
Hà Nội
Nxb. Đại học Sư phạm
2013
|
| Ämnen: | |
| Taggar: |
Lägg till en tagg
Inga taggar, Lägg till första taggen!
|
| Thư viện lưu trữ: | Trung tâm Học liệu Trường Đại học Cần Thơ |
|---|
| LEADER | 00880nam a2200205Ia 4500 | ||
|---|---|---|---|
| 001 | CTU_157392 | ||
| 008 | 210402s9999 xx 000 0 und d | ||
| 020 | |c 60000 | ||
| 082 | |a 547 | ||
| 082 | |b R106 | ||
| 100 | |a Đỗ, Đình Rãng | ||
| 245 | 0 | |a Hóa học lập thể | |
| 245 | 0 | |c Đỗ Đình Rãng | |
| 260 | |a Hà Nội | ||
| 260 | |b Nxb. Đại học Sư phạm | ||
| 260 | |c 2013 | ||
| 520 | |a Cuốn sách trình bày những vấn đề cơ bản, hệ thống của hóa học lập thể, bao gồm các khái niệm về cấu trúc, các tính chất đặc thù lập thể của các lớp chất quan trọng. | ||
| 650 | |a Stereochemistry,Chemistry, Organic,Hóa học lập thể,Hóa hữu cơ | ||
| 904 | |i Tuyến | ||
| 980 | |a Trung tâm Học liệu Trường Đại học Cần Thơ | ||